ECONOMICS AND MODERN WARFARE THE INVISIB (Record no. 31100)

MARC details
000 -LEADER
fixed length control field 00354nam a2200133Ia 4500
008 - FIXED-LENGTH DATA ELEMENTS--GENERAL INFORMATION
fixed length control field 240624s9999 xx 000 0 und d
041 ## - LANGUAGE CODE
Language code of text/sound track or separate title eng
082 ## - DEWEY DECIMAL CLASSIFICATION NUMBER
Classification number 330 THA
100 ## - MAIN ENTRY--PERSONAL NAME
Personal name TAILLARD MICHAEL
245 ## - TITLE STATEMENT
Title ECONOMICS AND MODERN WARFARE THE INVISIB
260 ## - PUBLICATION, DISTRIBUTION, ETC.
Date of publication, distribution, etc. 2012
Place of publication, distribution, etc. New York
Name of publisher, distributor, etc. Palgrave Macmillan
300 ## - PHYSICAL DESCRIPTION
Extent xii, 211 p.; 23 cm.
365 ## - TRADE PRICE
Currency code ERU
Price amount 38
Holdings
Withdrawn status Lost status Damaged status Not for loan Home library Current library Shelving location Date acquired Total Checkouts Full call number Barcode Date last seen Date last checked out Copy number Price effective from Koha item type
        IMTN IMTN Rack 7-A 09/06/2018 1 330 THA 31100 12/02/2025 10/12/2025 82.7 06/24/2024 Books
Designed & Maintained by: LRC IMT Nagpur Contact: lrc@imtnag.ac.in© 2024. All Rights Reserved.